000 01369nmc a2200421 a 4500
003 AR-BaBNM
005 20251128205118.0
008 206019s1996 ||||||||||||||000 | spa||
020 _a950-687-025-X
040 _cAR-BaBNM
100 1 _aAtorresi, Ana
245 1 0 _aLengua y literatura
_blos estudios semióticos : el caso de la crónica periodística
260 _aBuenos Aires
_bConicet
_c1996
300 _a286 p.
_bil.
490 0 _aProciencia Conicet
500 _aApéndices p. 247-286
500 _aEste material forma parte del Proyecto de Lengua
650 4 _aACTIVIDADES DE APRENDIZAJE
650 4 _aCOMPOSICION LITERARIA
650 4 _aPERIODISMO
650 4 _aACTIVIDADES DE LA CLASE
650 4 _aRECURSOS LITERARIOS
650 4 _aANALISIS LITERARIO
650 4 _aSEMANTICA
650 4 _aANALISIS LINGUISTICO
650 4 _aRELACIONES SEMANTICAS
650 4 _aTEORIA LINGUISTICA
650 4 _aCOMUNICACION DE MASAS
650 4 _aFORMACION DE DOCENTES
653 _aENSENANZA DE LA LENGUA
653 _aEDUCACION A DISTANCIA
653 _aTEORIA DE LA ENUNCIACION
653 _aTEORIA DE LA ARGUMENTACION
710 _aConsejo Nacional de Investigaciones Científicas y Técnicas [Argentina]
_9CONICET
_bPrograma Prociencia
710 2 _aArgentina
_bMinisterio de Cultura y Educación
942 _cBK
998 _cCarmen
999 _c10034
_d10034